[Event "Oberliga Ost-C 9596"]
[Site "Germany"]
[Date "1996.??.??"]
[Round "?"]
[White "Buervenich, Silvia"]
[Black "Eder, Patrick"]
[Result "1-0"]
[WhiteElo "2170"]
[BlackElo "2180"]
[PlyCount "47"]
[EventDate "1995.10.??"]
[EventType "team"]
[EventRounds "9"]
[EventCountry "GER"]
[SourceTitle "EXT 1998"]
[Source "ChessBase"]
[SourceDate "1997.11.17"]
[SourceVersion "1"]
[SourceVersionDate "1997.11.17"]
[SourceQuality "1"]

1. e4 c5 2. Nf3 a6 3. c4 d6 4. d4 Bg4 5. d5 e5 6. Be2 Be7 7. Nc3 Nd7 8. 0-0 Bxf3 9. Bxf3 Bg5 10. g3 Bxc1 11. Rxc1 Ne7 12. Bg4 0-0 13. f4 exf4 14. gxf4 f5 15. Bh3 b5 16. cxb5 axb5 17. Nxb5 Nf6 18. e5 dxe5 19. d6 Ng6 20. fxe5 Nxe5 21. Nc7 Neg4 22. Rxf5 Qd7 23. Rxf6 gxf6 24. Bxg4 1-0

[Event "Wch U20 Girls 12th"]
[Site "Matinhos"]
[Date "1994.09.??"]
[Round "2"]
[White "Buervenich, Silvia"]
[Black "Repkova, Eva"]
[Result "0-1"]
[WhiteElo "2185"]
[BlackElo "2265"]
[PlyCount "68"]
[EventDate "1994.09.??"]
[EventType "swiss"]
[EventRounds "13"]
[EventCountry "BRA"]
[SourceTitle "EXT 2022"]
[Source "ChessBase"]
[SourceDate "2021.10.06"]
[SourceVersion "1"]
[SourceVersionDate "2021.10.06"]
[SourceQuality "1"]

1. e4 e6 2. d4 d5 3. Nd2 c5 4. Ngf3 cxd4 5. exd5 Qxd5 6. Bc4 Qd6 7. 0-0 Nf6 8. Qe2 Nc6 9. Ne4 Qc7 10. Nxf6+ gxf6 11. Bb5 Bc5 12. Qc4 Qd6 13. Bf4 e5 14. Nxe5 Be6 15. Qe2 fxe5 16. Bxe5 Qf8 17. Bxc6+ bxc6 18. Qa6 Bb6 19. Qb7 Rd8 20. Rfe1 Rg8 21. Bf6 Qd6 22. Bxd8 Bxd8 23. Re4 Kf8 24. Rae1 Bb6 25. Re5 Rg6 26. h4 d3 27. cxd3 Qd4 28. R1e2 Qxh4 29. Qb8+ Kg7 30. R5e4 Qg5 31. Kf1 Qxg2+ 32. Ke1 Qg5 33. f4 Qa5+ 34. b4 Rg1+ 0-1